Gaming Quiz

Random Gaming or Pokémon Quiz

Pokemon Sun and Moon Pokedex Quiz Stats

 Plays Quiz not verified by Sporcle

Score 0/300 Timer 20:00
0 Plays Today
Typing Pokemon % Correct
Grass/FlyingRowlet
90.3%
FireLitten
88.3%
WaterPopplio
87.4%
Water/FairyPrimarina
87.4%
Normal/FlyingPikipek
87.4%
Grass/FlyingDartrix
86.4%
Grass/GhostDecidueye
85.4%
Normal/FlyingToucannon
85.4%
Normal/FlyingTrumbeak
84.5%
NormalGumshoos
84.5%
FireTorracat
83.5%
Fire/DarkIncineroar
83.5%
Normal/Dark*Rattata
83.5%
Normal/Dark*Raticate
83.5%
BugGrubbin
83.5%
Fire/Ghost*Marowak
83.5%
NormalYungoos
82.5%
Electric/Psychic*Raichu
82.5%
Dark*Meowth
82.5%
IceGlaceon
82.5%
Dark*Persian
81.6%
Ghost/PoisonGastly
81.6%
Bug/FairyRibombee
81.6%
Rock/Electric*Geodude
81.6%
WaterBrionne
80.6%
ElectricPichu
80.6%
ElectricPikachu
80.6%
Poison/Dark*Grimer
80.6%
Poison/Dark*Muk
80.6%
Ghost/PoisonGengar
80.6%
Fire/Flying or Ghost/Flying or Psychic/Flying or Electric/FlyingOricorio
80.6%
RockRockruff
80.6%
RockLycanroc
80.6%
NormalEevee
80.6%
WaterVaporeon
80.6%
GroundCubone
80.6%
Bug/ElectricCharjabug
79.6%
Ghost/PoisonHaunter
79.6%
WaterMagikarp
79.6%
ElectricJolteon
79.6%
PsychicEspeon
79.6%
GrassLeafeon
79.6%
Ice/Steel*Sandshrew
79.6%
Ice/Steel*Sandslash
79.6%
Bug/ElectricVikavolt
78.6%
Bug/FairyCutiefly
78.6%
WaterWishiwashi
78.6%
FireFlareon
78.6%
DarkUmbreon
78.6%
Poison/FireSalandit
78.6%
Psychic/GhostLunala
78.6%
Water/PsychicSlowpoke
77.7%
Water/PsychicSlowbro
77.7%
Water/PsychicSlowking
77.7%
Ground/Steel*Diglett
77.7%
Ground/Steel*Dugtrio
77.7%
FairySylveon
77.7%
Rock/Electric*Golem
77.7%
Ghost/FairyMimikyu
77.7%
BugMetapod
76.7%
Water/FlyingGyarados
76.7%
GrassLurantis
76.7%
Poison/FireSalazzle
76.7%
BugCaterpie
75.7%
FightingCrabrawler
75.7%
WaterPoliwhirl
75.7%
Water/FightingPoliwrath
75.7%
Ice*Vulpix
75.7%
Grass/Dragon*Exeggutor
75.7%
Electric/FairyTapu Koko
75.7%
GrassFomantis
74.8%
WaterPoliwag
74.8%
Rock/Electric*Graveler
74.8%
Grass/PsychicExeggcute
74.8%
Bug/FlyingScyther
74.8%
Psychic/FairyTapu Lele
74.8%
Fighting/IceCrabominable
73.8%
Poison/FlyingGolbat
73.8%
Bug/WaterWimpod
73.8%
Bug/WaterGolisopod
73.8%
Electric/SteelTogedemaru
73.8%
Normal/DragonDrampa
73.8%
PsychicCosmog
73.8%
Psychic/SteelSolgaleo
73.8%
Rock/PoisonNihilego
73.8%
Bug/FlyingButterfree
72.8%
Water/FlyingWingull
72.8%
Water/FlyingPelipper
72.8%
PsychicAbra
72.8%
FightingMachop
72.8%
FightingMachoke
72.8%
FightingMachamp
72.8%
Bug/WaterDewpider
72.8%
Bug/WaterAraquanid
72.8%
ElectricElekid
72.8%
Dragon/FightingKommo-o
72.8%
PsychicKadabra
71.8%
PsychicAlakazam
71.8%
FireGrowlithe
71.8%
Poison/FlyingZubat
71.8%
Typing Pokemon % Correct
Poison/FlyingCrobat
71.8%
Poison/WaterMareanie
71.8%
Poison/WaterToxapex
71.8%
DragonShelgon
71.8%
GroundMudsdale
71.8%
FireMagby
71.8%
FireMagmar
71.8%
Normal/FightingBewear
71.8%
IceSnorunt
71.8%
IceGlalie
71.8%
Dragon/FightingHakamo-o
71.8%
Bug/SteelScizor
71.8%
Grass/FairyTapu Bulu
71.8%
Dark/DragonGuzzlord
71.8%
Bug/FlyingLedyba
70.9%
Bug/FlyingLedian
70.9%
Water/RockCorsola
70.9%
GroundMudbray
70.9%
Grass/FairyMorelull
70.9%
FireMagmortar
70.9%
Normal/FightingStufful
70.9%
Fire/DragonTurtonator
70.9%
Water/IceLapras
70.9%
DragonJangmo-o
70.9%
DragonDratini
70.9%
Water/FairyTapu Fini
70.9%
Steel/FlyingCelesteela
70.9%
Bug/PoisonSpinarak
69.9%
Bug/PoisonAriados
69.9%
Electric/SteelMagnemite
69.9%
Electric/SteelMagnezone
69.9%
Rock/FairyCarbink
69.9%
DragonBagon
69.9%
Dragon/FlyingSalamence
69.9%
Grass/FairyShiinotic
69.9%
GrassBounsweet
69.9%
Rock/FlyingMinior
69.9%
Dragon/GroundGible
69.9%
Water/PsychicBruxish
69.9%
DragonDragonair
69.9%
Dragon/FlyingDragonite
69.9%
Bug/FightingBuzzwole
69.9%
Bug/FightingPheromosa
69.9%
Electric/SteelMagneton
68.9%
FireArcanine
68.9%
Ghost/FlyingDrifloon
68.9%
Normal/FairyWigglytuff
68.9%
Bug/FlyingMasquerain
68.9%
GrassTsareena
68.9%
FairyComfey
68.9%
DragonGoomy
68.9%
Ghost/GroundPalossand
68.9%
Dragon/GroundGabite
68.9%
Ice/GhostFroslass
68.9%
Ice/Fairy*Ninetales
68.9%
PsychicCosmoem
68.9%
ElectricXurkitree
68.9%
Grass/SteelKartana
68.9%
PsychicNecrozma
68.9%
NormalMunchlax
68%
Ghost/FlyingDrifblim
68%
GhostMismagius
68%
Normal/FlyingSpearow
68%
Normal/FlyingRufflet
68%
Dark/FlyingMandibuzz
68%
FightingMankey
68%
RockRoggenrola
68%
Normal/FairyIgglybuff
68%
Normal/FairyJigglypuff
68%
WaterPolitoed
68%
GrassSteenee
68%
Normal/PsychicOranguru
68%
FairyClefable
68%
ElectricElectabuzz
68%
Dragon/GroundGarchomp
68%
Ghost/GrassDhelmise
68%
Water/DarkSharpedo
68%
Fighting/SteelLucario
68%
FightingMakuhita
67%
GhostMisdreavus
67%
Normal/FlyingFearow
67%
GrassPetilil
67%
RockGigalith
67%
Dark/GhostSableye
67%
Water/PoisonTentacool
67%
Water/PoisonTentacruel
67%
Bug/WaterSurskit
67%
FightingPassimian
67%
DragonSliggoo
67%
Rock/FlyingArchen
67%
Rock/FlyingArcheops
67%
FairyCleffa
67%
Steel/FairyKlefki
67%
Dark/FlyingMurkrow
67%
FightingRiolu
67%
NormalHappiny
66%
NormalChansey
66%
Normal/FlyingBraviary
66%
Dark/FlyingVullaby
66%
Ice/FlyingDelibird
66%
Typing Pokemon % Correct
Grass/FairyCottonee
66%
RockBoldore
66%
Fire/FlyingTalonflame
66%
DragonGoodra
66%
Water/ElectricChinchou
66%
FairyClefairy
66%
Steel/PsychicMetagross
66%
ElectricElectivire
66%
PsychicHypno
65%
FightingPrimeape
65%
GrassLilligant
65%
Grass/FairyWhimsicott
65%
NormalTauros
65%
RockCranidos
65%
Ghost/GrassPhantump
65%
Water/ElectricLanturn
65%
Steel/PsychicMetang
65%
Ground/DarkSandile
65%
Ground/DarkKrokorok
65%
NormalSnorlax
64.1%
PsychicDrowzee
64.1%
Water/GroundWhiscash
64.1%
NormalMiltank
64.1%
Normal/FlyingFletchling
64.1%
Fire/FlyingFletchinder
64.1%
WaterStaryu
64.1%
Water/PsychicStarmie
64.1%
Ghost/GroundSandygast
64.1%
RockRampardos
64.1%
Rock/SteelShieldon
64.1%
Rock/WaterCarracosta
64.1%
Ghost/GrassTrevenant
64.1%
Steel/FlyingSkarmory
64.1%
Steel/PsychicBeldum
64.1%
Water/DarkCarvanha
64.1%
Rock/FlyingAerodactyl
64.1%
NormalBlissey
63.1%
FightingHariyama
63.1%
Water/GroundBarboach
63.1%
WaterShellder
63.1%
WaterMilotic
63.1%
BugPinsir
63.1%
FightingPancham
63.1%
Ground/DarkKrookodile
63.1%
Dark/IceSneasel
63.1%
Dark/IceWeavile
63.1%
Dark/FlyingHonchkrow
63.1%
WaterPsyduck
62.1%
WaterGolduck
62.1%
Bug/GrassParas
62.1%
Bug/GrassParasect
62.1%
Rock/SteelBastiodon
62.1%
Rock/WaterTirtouga
62.1%
NormalType: Null
62.1%
Fighting/DarkPangoro
62.1%
GroundTrapinch
62.1%
Water/IceCloyster
61.2%
NormalSilvally
61.2%
Ground/DragonVibrava
61.2%
Ground/DragonFlygon
61.2%
Electric/FlyingEmolga
61.2%
WaterGoldeen
60.2%
WaterSeaking
59.2%
WaterFeebas
59.2%
RockNosepass
59.2%
Rock/SteelProbopass
59.2%
NormalKomala
59.2%
WaterWailord
59.2%
RockBonsly
58.3%
RockSudowoodo
58.3%
NormalSmeargle
58.3%
NormalKangaskhan
58.3%
WaterWailmer
58.3%
NormalLillipup
56.3%
NormalStoutland
55.3%
WaterAlomomola
55.3%
Dragon/GroundZygarde
55.3%
IceVanillite
55.3%
IceVanillish
55.3%
IceVanilluxe
55.3%
NormalHerdier
54.4%
DarkAbsol
54.4%
Water/RockRelicanth
54.4%
WaterLuvdisc
53.4%
FairySnubbull
53.4%
FairyGranbull
53.4%
Water/GroundGastrodon
53.4%
WaterFinneon
51.5%
WaterLumineon
51.5%
PoisonTrubbish
51.5%
WaterShellos
50.5%
WaterPyukumuku
49.5%
PoisonGarbodor
48.5%
NormalPorygon
48.5%
FireTorkoal
48.5%
Normal Castform
47.6%
NormalPorygon2
47.6%
NormalPorygon-Z
47.6%
NormalDitto
45.6%
NormalSpinda
44.7%

You're not logged in!

Compare scores with friends on all Sporcle quizzes.
OR
Log In

Sporcle TV

Today on Sporcle TV


Watch our educational content, quiz creation guides, and fun videos on Sporcle TV.

Show Comments

Extras

Created Sep 13, 2017ReportNominate
Tags:Pokémon Quiz

Top Quizzes Today


Score Distribution

Your Account Isn't Verified!

In order to create a playlist on Sporcle, you need to verify the email address you used during registration. Go to your Sporcle Settings to finish the process.

Report this User

Report this user for behavior that violates our Community Guidelines.

Details: